The single farm payment and the rural estate agent (Record no. 80465)

MARC details
000 -LEADER
fixed length control field 00684cab a22001695a 4500
001 - CONTROL NUMBER
control field L144444
008 - FIXED-LENGTH DATA ELEMENTS--GENERAL INFORMATION
fixed length control field 080721s2008 xxko 000 0 eng d
035 ## - SYSTEM CONTROL NUMBER
System control number (Sirsi) u144444
041 0# - LANGUAGE CODE
Language code of text/sound track or separate title eng
100 1# - MAIN ENTRY--PERSONAL NAME
Personal name Haslam, Luke
245 04 - TITLE STATEMENT
Title The single farm payment and the rural estate agent
260 ## - PUBLICATION, DISTRIBUTION, ETC.
Date of publication, distribution, etc. 2008
490 ## - SERIES STATEMENT
Series statement The Estate Agent
Volume/sequential designation July 2008 30-31(2)
520 ## - SUMMARY, ETC.
Summary, etc. Provides background on the Single Payment Scheme (SPS); a list of those likely to come into contact with the scheme; advice on valuations under the scheme and a section on the basic paperwork involved.
690 ## - LOCAL SUBJECT ADDED ENTRY--TOPICAL TERM (OCLC, RLIN)
Topical term or geographic name as entry element PROPERTY-RURAL AND NATURAL ASSETS-RURAL AND NATURAL ASSET VALUATION AND APPRAISAL
942 ## - ADDED ENTRY ELEMENTS (KOHA)
Suppress in OPAC 0
Holdings
Withdrawn status Lost status Source of classification or shelving scheme Damaged status Not for loan Home library Current library Shelving location Date acquired Total Checkouts Full call number Barcode Date last seen Copy number Price effective from Koha item type
    Dewey Decimal Classification     London London Journal article 21/07/2008   L144444 144444-2001 06/08/2019 1 06/08/2019 Journal article